The human touch : (Record no. 9171)

MARC details
000 -LEADER
fixed length control field 00608nam a22001817a 4500
003 - CONTROL NUMBER IDENTIFIER
control field GBCCL
005 - DATE AND TIME OF LATEST TRANSACTION
control field 20241126110706.0
008 - FIXED-LENGTH DATA ELEMENTS--GENERAL INFORMATION
fixed length control field 220419b ||||| |||| 00| 0 eng d
040 ## - CATALOGING SOURCE
Transcribing agency GBC
082 ## - DEWEY DECIMAL CLASSIFICATION NUMBER
Classification number 261.832
Item number BOO
100 ## - MAIN ENTRY--PERSONAL NAME
Personal name Boone, Pat
9 (RLIN) 10057
245 ## - TITLE STATEMENT
Title The human touch :
Remainder of title the story of Easter Seals /
Statement of responsibility, etc. Pat Boone.
260 ## - PUBLICATION, DISTRIBUTION, ETC.
Place of publication, distribution, etc. [Place of publication not identified] :
Name of publisher, distributor, etc. [Potomac Pub. Co.],
Date of publication, distribution, etc. ©1990.
300 ## - PHYSICAL DESCRIPTION
Extent 106 pages ;
Dimensions 18 cm
505 ## - FORMATTED CONTENTS NOTE
Formatted contents note "Reprinted and condensed by arrangement with Wieser & Wieser, Inc."
650 ## - SUBJECT ADDED ENTRY--TOPICAL TERM
Topical term or geographic name entry element People with disabilities
Form subdivision Services for.
9 (RLIN) 15980
942 ## - ADDED ENTRY ELEMENTS (KOHA)
Source of classification or shelving scheme Dewey Decimal Classification
Koha item type Books
Holdings
Withdrawn status Lost status Source of classification or shelving scheme Damaged status Not for loan Home library Current Library Shelving location Date acquired Total checkouts Full call number Barcode Date last seen Copy number Price effective from Koha item type
    Dewey Decimal Classification     GRACE BIBLE COLLEGE GRACE BIBLE COLLEGE Ministry & Mission 2022-04-19   261.832 BOO 005812 2025-05-01 c.1 2022-04-19 Books
© Grace Bible College Library 2025